Los economistas políticos clásicos: pobreza y población. Algunos de sus teóricos relevantes /
Uloženo v:
| Hlavní autor: | |
|---|---|
| Médium: | Text |
| Témata: | |
| Tagy: |
Přidat tag
Žádné tagy, Buďte první, kdo vytvoří štítek k tomuto záznamu!
|
MARC
| LEADER | 00000 a a2200000 04500 | ||
|---|---|---|---|
| 001 | 42379 | ||
| 003 | |||
| 040 | |||
| 100 | |a Villarespe, Verónica | ||
| 245 | |a Los economistas políticos clásicos: |b pobreza y población. Algunos de sus teóricos relevantes / |c Verónica Villarespe | ||
| 650 | |a ECONOMIA | ||
| 650 | |a POBREZA | ||
| 650 | |a POBLACION | ||
| 650 | |a POLITICA SOCIAL | ||
| 650 | |a TEORIA ECONOMICA | ||
| 650 | |a RIQUEZA | ||
| 650 | |a TRABAJO | ||
| 773 | |g volumen31, número123 ( , 2000), páginas 9-31 | ||
| 999 | |c 32981 |d 32981 | ||
